Представление документа в формате MARC21

Поле Инд. ПП Название Значение
Тип записи a
Библиографический уровень m
001 Контрольный номер 26255f0887274b18bd72f1cbde746396
005 Дата корректировки 20250917121055.2
008 Кодируемые данные 240531|||||||||ru |||||||||||||||||rus||
020 a ISBN 978-5-953080-75-1
040 b Код языка каталог. rus
041 0_ a Код языка текста rus
084 a Индекс другой классификации/Индекс ББК 30н+39.4н+39.41+39.42-082
090 a Полочн. индекс 30н
x Авторский знак Т 66
203 a Вид содержания Текст
c Тип средства непосредственное
245 10 a Заглавие Требования по обеспечению транспортной безопасности, в том числе требования к антитеррористической защищенности объектов (территорий), учитывающие уровни безопасности для различных категорий объектов транспортной инфраструктуры морского и речного транспорта
b Продолж. заглавия постановление Правительства РФ от 08.10.2020 г. № 1638
c Ответственность Правительство Рос. Федерации
260 a Место издания Москва
b Издательство Моркнига
c Дата издания 2024
300 a Объем 45, [1] с.
440 _0 a Серия Законодательство РФ
650 04 a Основная рубрика Морской транспорт-Официальные документы
653 0_ a Ключевые слова Морской транспорт
a Ключевые слова Транспортная безопасность
900 a Имя макрообъекта Требования по обеспечению транспортной безопасности
901 t Тип документа m